| Tag |
First Indicator |
Second Indicator |
Subfields |
| LEADER |
00000cam a22000001a 4500 |
| 001 |
in00003413421 |
| 006 |
m d f |
| 007 |
cr bn mmmapmmp |
| 008 |
101101s2009 dcu o f000 0 eng d |
| 005 |
20260501143649.2 |
| 035 |
|
|
|a cis2007871722
|
| 040 |
|
|
|a ProQuest
|c ProQuest
|d UtOrBLW
|
| 043 |
|
|
|a n-us---
|
| 099 |
|
|
|a CRS-2009-RSI-0064
|
| 110 |
2 |
|
|a Library of Congress.
|b Congressional Research Service.
|
| 245 |
1 |
0 |
|a America COMPETES Act and the FY2009 Budget.
|
| 264 |
|
1 |
|a [Place of publication not identified] :
|b [publisher not identified],
|c 2009.
|
| 300 |
|
|
|a 1 online resource.
|
| 336 |
|
|
|a text
|b txt
|2 rdacontent
|
| 337 |
|
|
|a computer
|b c
|2 rdamedia
|
| 338 |
|
|
|a online resource
|b cr
|2 rdacarrier
|
| 500 |
|
|
|a Record is based on bibliographic data in ProQuest U.S. Congressional Research Digital Collection (last viewed Dec. 2010). Reuse except for individual research requires license from ProQuest, LLC.
|
| 500 |
|
|
|a CRS Report.
|
| 520 |
|
|
|a Summarizes provisions of P.L. 110-69, the America Creating Opportunities to Meaningfully Promote Excellence in Technology, Education, and Science (America COMPETES) Act, which aims to improve U.S. scientific and technological innovation and competitiveness by developing innovation infrastructure and increase research investment, including provisions to extend and revise science and technology education programs. Discusses some America COMPETES Act programs in relation to Presidential FY2009 budget request and FY2010 authorization, and reviews Congressional activities.
|
| 500 |
|
|
|a Electronic resource.
|
| 650 |
|
0 |
|a Competition.
|
| 650 |
|
0 |
|a Technological innovations.
|
| 650 |
|
0 |
|a Research.
|
| 655 |
|
7 |
|a Electronic books.
|2 local
|
| 710 |
2 |
|
|a ProQuest (Firm)
|
| 776 |
0 |
8 |
|i Microfiche version:
|a Library of Congress. Congressional Research Service.
|t America COMPETES Act and the FY2009 Budget
|
| 830 |
|
0 |
|a U.S. Congressional Research.
|
| 856 |
4 |
0 |
|u http://proxy.library.tamu.edu/login?url=https://congressional.proquest.com/congcomp/getdoc?CRDC-ID=CRS-2009-RSI-0064
|z Connect to the full text of this electronic book
|t 0
|
| 999 |
|
|
|a MARS
|
| 999 |
f |
f |
|s 335c7774-e326-3fc8-90fb-4d44c6d9de74
|i f27df977-b524-385a-851c-2ce7367935ef
|t 0
|
| 952 |
f |
f |
|a Texas A&M University
|b College Station
|c Electronic Resources
|s www_evans
|d Available Online
|t 0
|e CRS-2009-RSI-0064
|h Other scheme
|
| 998 |
f |
f |
|a CRS-2009-RSI-0064
|t 0
|l Available Online
|